|
|
|
|
| LEADER |
00000nam a2200000Ia 4500 |
| 008 |
170316s9999 xx 000 0 spa d |
| 040 |
|
|
|a cru BVZT
|
| 090 |
|
|
|a H-100 A-1hi v.4, 2ª parte
|
| 100 |
|
|
|a Abbagnano, Nicolás
|
| 245 |
|
|
|a Historia de la filosofía: La Filosofía Contemporánea
|c Nicolás Abbagnano; Giovanni Fornero; Carlos Garriga, traductor
|
| 260 |
|
|
|a Barcelona, España
|
| 260 |
|
|
|b Hora
|
| 260 |
|
|
|c 1996
|
| 300 |
|
|
|a 978 páginas Vol. 4, tomo segundo
|
| 650 |
|
|
|a FILOSOFÍA
|9 5
|
| 650 |
|
|
|a HERMENÉUTICA
|
| 650 |
|
|
|a POPPER
|
| 650 |
|
|
|a GADAMER
|
| 650 |
|
|
|a BETTI
|
| 650 |
|
|
|a PAREYSON
|
| 650 |
|
|
|a RICOEUR
|
| 650 |
|
|
|a MARXISMO
|
| 650 |
|
|
|a EPISTEMOLOGÍA
|
| 650 |
|
|
|a MOLTMANN
|
| 650 |
|
|
|a TEOLOGÍA
|
| 650 |
|
|
|a METZ
|
| 650 |
|
|
|a BALTHASAR
|
| 650 |
|
|
|a EPISTEMOLOGÍA POST - POSITIVISTICA
|
| 650 |
|
|
|a FRANCO RESTAINO
|
| 650 |
|
|
|a EL PENSAMIENTO ÉTICO POLÍTICO
|
| 650 |
|
|
|a RAWLS Y NOZICK
|
| 650 |
|
|
|a ÉTICA
|9 104
|
| 650 |
|
|
|a HABERMAS
|
| 650 |
|
|
|a DERRIDA
|
| 650 |
|
|
|a FILOSOFÍA ANALÍTICA Y POST ANALÍTICA
|
| 650 |
|
|
|a QUINE
|
| 650 |
|
|
|a DAVIDSON
|
| 650 |
|
|
|a DUMMETT
|
| 650 |
|
|
|a RORTY
|
| 999 |
|
|
|c 28864
|d 28864
|
| 942 |
|
|
|c SALA
|h H-100 A-1hi v.4, 2ª parte
|2 z
|